L'exterminisme (Record no. 61486)

MARC details
000 -LEADER
campo de control de longitud fija 00958nam a2200265 i 4500
001 - NÚMERO DE CONTROL
campo de control 61486
003 - IDENTIFICADOR DE NÚMERO DE CONTROL
campo de control ES-MaACL
005 - FECHA Y HORA DE LA ÚLTIMA TRANSACCIÓN
campo de control 20250801174607.0
007 - CAMPO FIJO DE DESCRIPCIÓN FÍSICA--INFORMACIÓN GENERAL
campo de control de longitud fija t|
008 - DATOS DE LONGITUD FIJA--INFORMACIÓN GENERAL
campo de control de longitud fija 031112s1983 fr ||||1| fre d
020 ## - NÚMERO INTERNACIONAL ESTÁNDAR DEL LIBRO
Número Internacional Estándar del Libro 2-13-038047-6
245 02 - MENCIÓN DEL TÍTULO
Título L'exterminisme
Resto del título : armament nucléaire et pacifisme /
Mención de responsabilidad, etc. Edward Thompson; un débat avec Raymond Williams ... [et al.] ; traduit de l'anglais par Jean Jacques Lecercle, Yvette Le Gillou et Robert Fischer.
250 ## - MENCION DE EDICION
Mención de edición 1eme ed.
260 ## - PUBLICACIÓN, DISTRIBUCIÓN, ETC.
Lugar de publicación, distribución, etc. París :
Nombre del editor, distribuidor, etc. Presses Universitaires de France,
Fecha de publicación, distribución, etc. 1983.
300 ## - DESCRIPCIÓN FÍSICA
Extensión 315 p. ;
Dimensiones 22 cnm.
490 1# - MENCIÓN DE SERIE
Mención de serie Pratiques théoriques
700 1# - ENTRADA AGREGADA--NOMBRE PERSONAL
Nombre de persona Thompson, Edward.
9 (RLIN) 110077
700 1# - ENTRADA AGREGADA--NOMBRE PERSONAL
Nombre de persona Williams, Raymond.
9 (RLIN) 116947
700 1# - ENTRADA AGREGADA--NOMBRE PERSONAL
Nombre de persona Lecercle, Jean Jacques.
9 (RLIN) 71059
700 1# - ENTRADA AGREGADA--NOMBRE PERSONAL
Nombre de persona Le Guillou, Yvette.
9 (RLIN) 70889
700 1# - ENTRADA AGREGADA--NOMBRE PERSONAL
Nombre de persona Fischer, Robert.
9 (RLIN) 51009
830 00 - PUNTO DE ACCESO ADICIONAL DE SERIE-TÍTULO UNIFORME
Título uniforme Pratiques théoriques
9 (RLIN) 185675
852 ## - LOCALIZACIÓN
Ubicación ES-MaACL
Número de control de estantería L-11675
Sublocalización o colección R.113471
Holdings
Estatus retirado Estado de pérdida Estado de daño No para préstamo Biblioteca de origen Biblioteca actual Ubicación en estantería Fecha de adquisición Fuente de adquisición Total de préstamos Signatura topográfica completa Código de barras Visto por última vez Precio de reemplazo Tipo de ítem Koha
        Biblioteca del Ateneo de Madrid Biblioteca del Ateneo de Madrid Depósito 2 17/01/2008     L-11675 1064471 23/02/2023 23/02/2023 Libro impreso